Influence of Corporate Environment on Its Financial Policy diplomová práca

Gespeichert in:
Bibliographische Detailangaben
1. Verfasser: Čurilla, Tomáš
Körperschaften: Národohospodárska fakulta EU. Katedra financií, University of Pavia. Department of Economics and Management
Weitere Verfasser: Jančovičová Bognárová, Kristína, 1979-
Format: Buch
Sprache:Englisch
Veröffentlicht: Bratislava 2022
Tags: Tag hinzufügen
Keine Tags, Fügen Sie das erste Tag hinzu!

MARC

LEADER 00000nbm a2200000 4500
001 0287279
005 20230220124452.0
041 0 |a eng 
044 |a SK 
245 1 0 |a Influence of Corporate Environment on Its Financial Policy  |b diplomová práca  |c Tomáš Čurilla ; školiteľ: Kristína Jančovičová Bognárová 
264 1 |a Bratislava  |c 2022 
300 |a 60 s. 
100 1 |a Čurilla, Tomáš 
700 1 |a Jančovičová Bognárová, Kristína, 1979- 
710 2 |a Národohospodárska fakulta EU. Katedra financií 
710 2 |a University of Pavia. Department of Economics and Management